000 00706nam a2200265Ia 4500
003 OSt
005 20221007075854.0
006 a|||||r|||| 00| 0
007 ta
008 221006b |||||||| |||| 00| 0 eng d
024 _a4,579
037 _cTextual
040 _aFLL
_cFLL
_beng
041 _2eng
_aeng
082 _aD854:Z2, P3
100 _aJaswal P.S. Au.
_9687039
245 0 _aEnvironmental law
250 _a2nd
260 _aNew Delhi
_bPioneer Publications India
_c2003
300 _a564p
_ccm.
650 _aEnvironmental law
700 _a Jaswal N. Au.
_9687040
942 _hD854:Z2, P3
_cTEXL
_2CC
999 _c1157669
_d1157669